| 000 | 00702nam a22002057a 4500 | ||
|---|---|---|---|
| 999 |
_c12346 _d12346 |
||
| 008 | 230427b 2022 ||||| |||| 00| 0 eng d | ||
| 020 | _a9780070605022 | ||
| 082 |
_a512.5 _bLIP |
||
| 100 | _aLipschutz, Seymour | ||
| 245 | _aTheory and problems of linear algebra | ||
| 250 | _a3rd ed. | ||
| 260 |
_aNew York _bMcGraw Hill Education (India) _c2022 |
||
| 300 | _a424p. | ||
| 520 | _a612 fully solved problems; concise explanations of all course concepts; information on algebraic systems, polynomials, and matrix applications. | ||
| 650 | _aAlgebra of Matrices | ||
| 650 | _aSystems of Linear Equations | ||
| 650 | _aCanonical Forms | ||
| 700 |
_aLipson, Marc Lars _eCo-author |
||
| 942 | _cBK | ||